| 000 | 02133nam a2200565 i 4500 | ||
|---|---|---|---|
| 001 | 29530 | ||
| 003 | KOSZ 005 | ||
| 005 | 20240405063047.0 | ||
| 008 | 120831s1990 pl a g 001 0 pol | ||
| 015 | _aUWD 2012/32538 | ||
| 035 | _a991011640939705066 | ||
| 035 | _a(PL-WaBN)b27662457-48omnis_nlop | ||
| 035 | _ab27662457 | ||
| 035 | _a(OCoLC)833922028 | ||
| 035 | _a(PL)b0000002766245 | ||
| 035 | _a(EXLNZ-48OMNIS_NETWORK)9910174672705606 | ||
| 040 |
_aWA N _cWA N _dKOSZ 005/RW |
||
| 045 |
_bd1918 _bd1920 |
||
| 046 | _k1990 | ||
| 080 | _a355.1(438) | ||
| 080 | _a94(438).081"1918/1919" | ||
| 100 | 1 |
_aPolak, Bogusław _d(1945- ) _eAutor |
|
| 245 | 1 | 0 |
_aWojsko wielkopolskie 1918-1920 / _cBogusław Polak. |
| 260 |
_aKoszalin : _bWydawnictwo Uczelniane Wyższej Szkoły Inżynierskiej, _c1990. |
||
| 300 |
_a387, [3] stron : _bilustracje ; _c24 cm. |
||
| 336 |
_aTekst _btxt _2rdacontent |
||
| 337 |
_aBez urządzenia pośredniczącego _bn _2rdamedia |
||
| 338 |
_aWolumin _bnc _2rdacarrier |
||
| 380 | _aKsiążki | ||
| 380 | _aPublikacje naukowe | ||
| 388 | _a1901-2000 | ||
| 388 | _a1989-2000 | ||
| 490 | 1 |
_aMonografie Instytutu Nauk Społecznych / Wyższa Szkoła Inżynierska w Koszalinie, _x0239-7129 ; _vnr 32 |
|
| 504 | _aBibliografia na stronach 248-[258]. Indeksy. | ||
| 648 | 7 |
_a1901-2000 _2DBN |
|
| 648 | 7 |
_a1918-1939 _2DBN |
|
| 650 | 7 |
_aPowstanie wielkopolskie (1918-1919) _2DBN |
|
| 650 | 7 |
_aWojsko _2DBN |
|
| 651 | 7 |
_aWielkopolska _2DBN |
|
| 651 | 7 | _aPolska | |
| 655 | 7 | _aOpracowanie | |
| 658 | _aHistoria | ||
| 658 | _aBezpieczeństwo i wojskowość | ||
| 710 | 2 |
_aWydawnictwo Uczelniane (Wyższa Szkoła Inżynierska ; Koszalin) _4pbl |
|
| 830 | 0 |
_aMonografie Instytutu Nauk Społecznych - Wyższa Szkoła Inżynierska w Koszalinie _vnr 32 |
|
| 856 |
_uhttp://koha.tu.koszalin.pl/cgi-bin/koha/opac-detail.pl?biblionumber=29530 _yKatalog online BPK |
||
| 856 |
_uhttp://dlibra.tu.koszalin.pl/dlibra/docmetadata?id=1256&from=latest _yBiblioteka Cyfrowa |
||
| 942 |
_2UKD _cKS |
||
| 999 |
_c29530 _d29530 |
||